000 01401nam a2200433 i 4500
001 40797
003 KOSZ 005
005 20240405063133.0
008 021031s2000 pl a f f |000 0 pol
015 _aPB 2002/17763
020 _a8301125756
040 _aWA N
_cWA N
_dKOSZ 005/HR
041 0 _apol
046 _k1998
080 _a336(438)
080 _a(075.8)
245 0 0 _aSystem finansowy w Polsce :
_blata dziewięćdziesiąte /
_cred. nauk. Bogusław Pietrzak, Zbigniew Polański.
250 _aWyd. 2 popr., dodr. 2.
260 _aWarszawa :
_bWydaw. Naukowe PWN,
_c2000.
300 _a346, [2] s. :
_bil. ;
_c24 cm.
336 _2rdacontent
_aTekst
_btxt
337 _2rdamedia
_aBez urządzenia pośredniczącego
_bn
338 _2rdacarrier
_aWolumin
_bnc
380 _aKsiążki
388 _a1901-2000
388 _a1989-2000
504 _aBibliogr.
648 7 _a1901-2000
648 7 _a1989-2000
650 4 _aFinanse
651 _aPolska
655 4 _aPodręczniki akademickie
658 _aGospodarka, ekonomia, finanse
700 1 _aPietrzak, Bogusław
_d(1943- )
_eRedakcja
700 1 _aPolański, Zbigniew
_eRedakcja
710 2 _aWydawnictwo Naukowe PWN
_4pbl.
856 _uhttp://koha.tu.koszalin.pl/cgi-bin/koha/opac-detail.pl?biblionumber=40797
_yKatalog online BPK
942 _2UKD
_cKS
999 _c40797
_d40797